|
|
|
|
| LEADER |
01543nam a2200385 i 4500 |
| 001 |
EBC6266983 |
| 003 |
MiAaPQ |
| 005 |
20201119124923.0 |
| 006 |
m o d | |
| 007 |
cr cnu|||||||| |
| 008 |
201119s2020 enk o 000 0 eng d |
| 020 |
|
|
|z 9781838675868
|
| 020 |
|
|
|a 9781838675851 (e-book)
|
| 035 |
|
|
|a (MiAaPQ)EBC6266983
|
| 035 |
|
|
|a (Au-PeEL)EBL6266983
|
| 035 |
|
|
|a (OCoLC)1178650654
|
| 040 |
|
|
|a MiAaPQ
|b eng
|e rda
|e pn
|c MiAaPQ
|d MiAaPQ
|
| 050 |
|
4 |
|a HV6431
|b .E434 2020
|
| 082 |
0 |
|
|a 363.325
|2 23
|
| 100 |
1 |
|
|a Elahi, Naveed,
|e author.
|
| 245 |
1 |
0 |
|a Multinational enterprises and terrorism /
|c Naveed Elahi, Pervez Ghauri.
|
| 264 |
|
1 |
|a Bingley, England :
|b Emerald Publishing,
|c [2020]
|
| 264 |
|
4 |
|c 2020
|
| 300 |
|
|
|a 1 online resource (xiii, 170 pages)
|
| 336 |
|
|
|a text
|b txt
|2 rdacontent
|
| 337 |
|
|
|a computer
|b c
|2 rdamedia
|
| 338 |
|
|
|a online resource
|b cr
|2 rdacarrier
|
| 588 |
|
|
|a Description based on print version record.
|
| 590 |
|
|
|a Electronic reproduction. Ann Arbor, MI : ProQuest, 2018. Available via World Wide Web. Access may be limited to ProQuest affiliated libraries.
|
| 650 |
|
0 |
|a Terrorism
|x Economic aspects.
|
| 655 |
|
4 |
|a Electronic books.
|
| 700 |
1 |
|
|a Ghauri, Pervez N.,
|d 1948-
|e author.
|
| 776 |
0 |
8 |
|i Print version:
|a Elahi, Naveed.
|t Multinational enterprises and terrorism.
|d Bingley, England : Emerald Publishing, c2020
|h xiii, 170 pages
|z 9781838675868
|
| 797 |
2 |
|
|a ProQuest (Firm)
|
| 856 |
4 |
0 |
|u https://ebookcentral.proquest.com/lib/matrademy/detail.action?docID=6266983
|z Click to View
|